000 00610nam a22001937a 4500
005 20251108173110.0
008 250721s2005 xx 000 0 ara d
082 1 4 _a155.45/عبد
100 1 _aعبد الرحمن، محمد السيد
245 1 0 _aرعاية الأطفال التوحدين /
264 1 _aالقاهرة :
_bدار السحاب،
_c2005.
300 _a235ص
650 1 7 _aسيكولوجية الأطفال
650 1 7 _aرعاية الأطفال
650 1 7 _aرعاية المعوقين
650 1 7 _aإنحرافات نمو الأطفال
942 _2ddc
_cBK
999 _c96012
_d96012